000 00637nam a2200265Ia 4500
005 20260123172724.0
008 008 260114s9999 xx 000 0 eng d
020 _a9780750311038
037 _aEBOOK
040 _aCRL
040 _beng
040 _cCRL
041 _2eng
041 _aeng
084 _qCRL
100 _aFerry, D K
_91107197
245 0 _aTransport in Semiconductor Mesoscopic Devices
260 _bInstitute of Physics
260 _c2015
650 _aMaterials
_91107198
856 _uhttps://doi.org/10.1088/978-0-7503-1103-8
942 _cEBOOK
999 _c1672299
_d1672299